Motivating economic achievement

Bewaard in:
Bibliografische gegevens
Hoofdauteur: McClelland, David C.
Formaat: Boek
Taal:Undetermined
Gepubliceerd in: New York The Free Press 1969
Onderwerpen:
Tags: Voeg label toe
Geen labels, Wees de eerste die dit record labelt!
Thư viện lưu trữ: Trung tâm Học liệu Trường Đại học Cần Thơ
LEADER 00481nam a2200169Ia 4500
001 CTU_78399
008 210402s9999 xx 000 0 und d
082 |a 338.9 
082 |b M126 
100 |a McClelland, David C. 
245 0 |a Motivating economic achievement 
245 0 |c David C. McClelland, David G. Winter 
260 |a New York 
260 |b The Free Press 
260 |c 1969 
650 |a Achievement motivation 
980 |a Trung tâm Học liệu Trường Đại học Cần Thơ